| 000 | 00594nam a2200229 a 4500 | ||
|---|---|---|---|
| 001 | BRCA_4113 | ||
| 005 | 20190320204541.0 | ||
| 008 | 120410s1917----enka######---#000-0#eng-# | ||
| 041 | _aeng | ||
| 044 | _aenk | ||
| 050 | 4 |
_aF1208 _b.S63 1917 |
|
| 100 | 1 |
_aSpence, Lewis _910642 |
|
| 245 | 1 | 0 |
_aMexico of the Mexicans _cby Lewis Spence. |
| 260 |
_aLondon _bPitman _c1917 |
||
| 300 |
_avii, 224 p. _bil. _c19 cm. |
||
| 500 | _aIncluye lista de ilustraciones | ||
| 500 | _aC141 | ||
| 504 | _aBibliografĂa: p. 225-226 | ||
| 651 | 4 |
_aMéxico _xHistoria _9614 |
|
| 902 | _aGFM | ||
| 942 |
_2lcc _cB |
||
| 999 |
_c3829 _d3829 |
||